000 00299nam a22001337a 4500
008 170221b xxu||||| |||| 00| 0 eng d
020 _a9780801671845
041 _aeng
080 _24 ED
_a615
100 _a5
101 _aSHF
245 _aRESPIRATORY CARE PHARMACOLOGY
_cRAU.J.L
942 _2udc
_cBK
999 _c5978
_d5978